| 000 | 01471nam a2200421 c 4500 | ||
|---|---|---|---|
| 001 | 54062 | ||
| 003 | ES-MaCES | ||
| 005 | 20260121134854.0 | ||
| 008 | 260120s2025 sp 000 | spa d | ||
| 017 |
_aM 17960-2025 _bDL |
||
| 020 | _a9788410674271 | ||
| 040 |
_aES-MaCES _bspa _cES-MaCES |
||
| 245 | 0 | 3 |
_aLa esfera pública postmediática y sus flujos de comunicación _cGuillermo López García, Eva Campos Domínguez (eds.) |
| 260 |
_aMadrid _bLos Libros de la Catarata _c[2025] |
||
| 300 |
_a206 p. _c22 cm |
||
| 490 | 1 |
_aColección Investigación y debate _v513 |
|
| 504 | _aBibliografía: p. 197-201 | ||
| 541 | _cCompra | ||
| 650 | 4 |
_apolítica _927246 |
|
| 650 | 4 |
_acomportamiento político _927237 |
|
| 650 | 4 |
_atransmisión de los datos _930715 |
|
| 650 | 4 |
_adifusión de la información _928915 |
|
| 650 | 4 |
_aInternet _930572 |
|
| 650 | 4 |
_ared social _930592 |
|
| 650 | 4 |
_acontrol social _927287 |
|
| 650 | 4 |
_apropaganda _927937 |
|
| 650 | 4 |
_aopinión pública _927247 |
|
| 650 | 4 |
_apoder político _927200 |
|
| 650 | 4 |
_atoma de decisiones _928194 |
|
| 650 | 4 |
_aevaluación del impacto _930732 |
|
| 650 | 4 |
_ateoría política _927233 |
|
| 653 | 1 | 0 | _aCiencias Sociales-Políticas |
| 700 | 1 |
_941616 _aLópez García, Guillermo _eed. lit. |
|
| 700 | 1 |
_941617 _aCampos Domínguez, Eva _eed. lit. |
|
| 830 | 0 |
_aColección Investigación y debate (Los Libros de la Catarata) _v513 _934266 |
|
| 902 | _aLIB Libro | ||
| 942 |
_2CES _cBK _h7.0. |
||
| 999 |
_c54062 _d54062 |
||